000 00736nam a2200217 i 4500
001 60496
003 ES-MaACL
005 20230906164238.0
007 t|
008 031105s1905 sp ||||1| spa d
100 1 _aEspina y Capo, Antonio,
_d1850-1930
_947840
245 1 0 _aNuevo aspecto de la clínica de Panticosa /
_cAntonio Espina y Capo.
260 _aZaragoza :
_bMariano Escar,
_c1905.
300 _a88 p. ;
_c26 cm.
530 _aDisponible en formato digital.
650 4 _aAguas minerales-
_zPanticosa.
_9144718
651 4 _aPanticosa-
_xClima.
_9144719
852 _aES-MaACL
_jT-1212-F-13
856 _uhttp://bdh-rd.bne.es/viewer.vm?id=0000136960&page=1
_zBiblioteca Digital Hispánica
999 _c60496
_d60496